000 00664nam a2200193 a 4500
001 000037380
005 20200930080330.0
008 120329s1893 dr 000 0 spa d
040 _aDO-SdBNP
_bspa
_cBNPHU
082 _a338.17361
_bS669c, 1893
100 1 _aSánchez, Juan J.
_921845
245 1 3 _aLa caña en Santo Domingo /
_cJuan J. Sánchez.
260 _aSanto Domingo :
_bImprenta García Hermanos,
_c1893.
300 _a82 p. ;
_c27 p.
500 _aIncluye notas al pie de páginas
650 4 _aIndústria azucarera
_zRepública Dominicana
_921846
650 4 _aCaña de azucar
_zRepública Dominicana
_921847
910 _aValidado. Control de calidad MFF
999 _c36870
_d36870